000
00232nam a2200097Ia 4500
001
979113
005
20250826220800.0
008
250824s9999 xx 000 0 und d
245
0
_a
KAYIP RUH
_c
REYHAN KILINÇ
260
_b
DOKUZ YAYINLARI
999
_c
979113
_d
979113